The portion of labor /

Bibliographic Details
Main Author: Freeman, Mary Eleanor Wilkins, 1852-1930
Format: Book
Language:English
Published: New York, London : Harper & brothers, 1905.

MARC

Tag First Indicator Second Indicator Subfields
LEADER 00000cam a2200000 4500
001 in00000032572
005 20151007061814.0
008 740903s1905 nyuf 000 1 eng u
010 |a  01025440  
035 |a (OCoLC)00996505 
035 |9 AAD3121AM 
040 |c KSU  |d TXA  |d UtOrBLW 
049 |a TXAM  |c [10661] 
050 0 |a PZ3.F88  |b Po 
090 |a PS1712  |b P67 1905 
092 |a 813  |b F856p 
100 1 |a Freeman, Mary Eleanor Wilkins,  |d 1852-1930. 
245 1 4 |a The portion of labor /  |c by Mary E. Wilkins. 
264 1 |a New York,  |a London :  |b Harper & brothers,  |c 1905. 
300 |a 3 pages ., 562 pages, 1 unnumbered page :  |b 8 plates (including frontispiece) ;  |c 20 cm. 
336 |a text  |b txt  |2 rdacontent 
337 |a unmediated  |b n  |2 rdamedia 
338 |a volume  |b nc  |2 rdacarrier 
999 |a MARS 
999 f f |s a8131124-5d52-3d4c-8198-b35b46c9626f  |i 4f3999dd-4bc7-3e80-b5e4-a7ca35a5efcf  |t 0 
952 f f |p ric  |a Texas A&M University  |b Rellis Campus  |c Joint Library Facility  |d Remote Storage  |t 0  |e PS1712 P67 1905  |h Library of Congress classification  |i unmediated -- volume  |m A14801237827 
998 f f |a PS1712 P67 1905  |t 0  |l Remote Storage